000 00745nam a2200253Ia 4500
003 OSt
005 20220928105123.0
006 a|||||r|||| 00| 0
007 ta
008 220927b |||||||| |||| 00| 0 eng d
020 _c495
024 _a109399
037 _b563, 22/09/2010, Kitabghar Parkashan
_cTextual
040 _aSDCL
_cSDCL
_beng
041 _2eng
_aeng
082 _aO44,3:g(Y:351), Q0
100 _aVashisth Sudarshan
_9413894
245 0 _aLokvaarta
_b Himalaya gaatha-5.
260 _aDelhi
_bSuhani Book
_c2010
300 _a333p.
_ccm.
650 _aHindi
_9391598
942 _hO44,3:g(Y:351), Q0
_cTEXL
_2CC
999 _c729707
_d729707